Laws and applications of thermodynamics (Record no. 14979)

000 -LEADER
fixed length control field 00468nam a22001811 4500
001 - CONTROL NUMBER
control field 14979
003 - CONTROL NUMBER IDENTIFIER
control field BD-DhUET
008 - FIXED-LENGTH DATA ELEMENTS--GENERAL INFORMATION
fixed length control field 850110s1964 enka 000 0 eng
040 ## - CATALOGING SOURCE
Original cataloging agency DLC
Transcribing agency DLC
Modifying agency BD-DhUET
082 00 - DEWEY DECIMAL CLASSIFICATION NUMBER
Classification number 541.369
Item number BUG/1964
100 1# - MAIN ENTRY--PERSONAL NAME
Personal name Buckingham, A. D.
245 14 - TITLE STATEMENT
Title Laws and applications of thermodynamics
250 ## - EDITION STATEMENT
Edition statement 1st ed.
260 ## - PUBLICATION, DISTRIBUTION, ETC. (IMPRINT)
Place of publication, distribution, etc. Oxford
Name of publisher, distributor, etc. Pergamon Press
Date of publication, distribution, etc. 1964
300 ## - PHYSICAL DESCRIPTION
Extent x, 208 p.
Other physical details illus.
Dimensions 20 cm.
650 #0 - SUBJECT ADDED ENTRY--TOPICAL TERM
Topical term or geographic name as entry element Thermodynamics
942 ## - ADDED ENTRY ELEMENTS (KOHA)
Koha item type General Book
Holdings
Withdrawn status Date acquired Source of classification or shelving scheme Koha item type Price effective from Shelving location Sublocation or collection (holding branch) Location (home branch) Koha normalized classification for sorting Koha full call number Copy number Not for loan Damaged status Lost status Koha date last seen Piece designation (barcode)
 2015-03-10 General Book2015-03-10Circulation sectionCentral Library, BUETCentral Library, BUET541_369000000000000_BUG_1964541.369/BUG/19641   2015-03-1012075